| 000 | 00409nam a2200157 4500 | ||
|---|---|---|---|
| 999 |
_c3803 _d3803 |
||
| 008 | 200701b ||||| |||| 00| 0 eng d | ||
| 020 | _a0408015411 | ||
| 082 | 0 | 0 |
_a621.3841 _bS435 |
| 100 |
_91317 _aScroggie, M. G. |
||
| 245 | 1 | 0 |
_aFoundations of wireless and electronics / _cby M. G. Scroggie |
| 250 | _a10th ed. | ||
| 260 |
_aLondon _bELBS _c1984 |
||
| 300 | _a551 p. | ||
| 650 | 0 | _aRadio | |
| 942 |
_2ddc _cBK |
||